Two Word Taylor Swift Songs - Statistics

General Stats
  • This quiz has been taken 1,049 times
  • The average score is 35 of 57
Answer Stats
Hint Answer % Correct
Speak Now Speak Now
84%
Taylor Swift Our Song
83%
1989 Blank Space
80%
Fearless Love Story
79%
Taylor Swift Tim McGraw
79%
Folklore The 1
78%
Midnights Lavender Haze
76%
Lover The Man
76%
1989 Bad Blood
75%
Speak Now Sparks Fly
75%
Lover Cruel Summer
74%
Speak Now Dear John
73%
Lover The Archer
73%
Evermore Champagne Problems
70%
Fearless White Horse
70%
1989 Wildest Dreams
70%
Reputation End Game
68%
Reputation Getaway Car
68%
Speak Now Long Live
68%
Midnights Midnight Rain
68%
Lover Paper Rings
68%
1989 This Love
68%
Folklore Illicit Affairs
67%
Speak Now Last Kiss
65%
1989 New Romantics
65%
Folklore The Lakes
65%
Lover Cornelia Street
64%
Evermore Gold Rush
63%
Fearless Hey Stephen
63%
Folklore Invisible String
62%
Lover London Boy
61%
Taylor Swift Mary's Song
61%
Midnights Vigilante Shit
61%
Lover False God
60%
Folklore Mad Woman
59%
Midnights Sweet Nothing
59%
Evermore Tolerate It
59%
Evermore Coney Island
58%
Midnights Dear Reader
58%
Taylor Swift The Outside
56%
Taylor Swift Stay Beautiful
54%
Red Begin Again
53%
Midnights High Infidelity
52%
Red Holy Ground
52%
The Taylor Swift Holiday Collection Last Christmas
50%
Red Better Man
49%
Fearless Don't You
48%
Red Forever Winter
48%
Red Nothing New
48%
Midnights Hits Different
46%
The Taylor Swift Holiday Collection White Christmas
45%
Fearless That's When
43%
The Taylor Swift Holiday Collection Santa Baby
42%
The Taylor Swift Holiday Collection Silent Night
38%
Single Eyes Open
32%
Single Beautiful Eyes
24%
Single Beautiful Ghosts
21%
No matching quizzes found
Score Distribution
Percent of People with Each Score
Percentile by Number Answered
Your Score History
You have not taken this quiz